Bayern Munich Players Quiz - Statistics

General Stats
  • This quiz has been taken 1,314 times
    241 since last reset
  • The average score is 19 of 24
Answer Stats
# Nation Player % Correct
3 South Korea Kim Min-jae
97%
9 United Kingdom (England) Harry Kane
96%
1 Germany Manuel Neuer
94%
19 Canada Alphonso Davies
93%
2 France Dayot Upamecano
92%
14 Colombia Luis Díaz
92%
10 Germany Jamal Musiala
91%
6 Germany Joshua Kimmich
91%
17 France Michael Olise
91%
27 Austria Konrad Laimer
89%
8 Germany Leon Goretzka
85%
7 Germany Serge Gnabry
83%
21 Japan Hiroki Ito
79%
22 Portugal Raphaël Guerreiro
78%
4 Germany Jonathan Tah
77%
44 Croatia Josip Stanišić
77%
11 Senegal Nicolas Jackson
77%
45 Germany Aleksandar Pavlović
76%
42 Germany Lennart Karl
74%
26 Germany Sven Ulreich
57%
20 Germany Tom Bischof
53%
40 Germany Jonas Urbig
51%
23 France Sacha Boey
50%
48 Germany Leon Klanac
16%
No matching quizzes found
Score Distribution
Percent of People with Each Score
Percentile by Number Answered
Your Score History
You have not taken this quiz since the last reset